BAMBOO panel boards : a state-of-the-art review

Bibliographic Details
Corporate Author: International Network for Bamboo and Rattan (INBAR)
Other Authors: Ganapathy
Format: Book
Published: Beijing, China : International Network for Bamboo and Rattan , 1999
Series:Technical report; n.12
Subjects:

MARC

LEADER 00000cam a2200000 7i4500
001 0000000940
005 20001115.0
020 0 0 |a 8186247289 
090 0 0 |a 633.58   |b BAM 1999 
245 0 0 |a BAMBOO panel boards :   |b a state-of-the-art review   |c P. M. Ganapathy ... (et al.) 
260 0 0 |a Beijing, China :   |b International Network for Bamboo and Rattan ,   |c 1999 
300 |a 115 p. :   |b ill. ;   |c 25 cm. 
440 0 0 |a Technical report; n.12 
650 0 0 |a Bamboo work 
700 0 1 |a Ganapathy   |h P. M. 
710 1 1 |a International Network for Bamboo and Rattan (INBAR) 
999 |a 0000002295   |b Monograph   |c Open Shelf   |e Default branch